| 000 | 00921nac a22002771i 4500 | ||
|---|---|---|---|
| 003 | EG-ScBUE | ||
| 005 | 20230411110506.0 | ||
| 008 | 110509s1997 nyua f b 001 0 eng d | ||
| 020 | _a9781557832481 | ||
| 020 | _a155783248X | ||
| 040 |
_aEG-ScBUE _beng _erda _cEG-ScBUE _dEG-ScBUE |
||
| 082 | 0 | 4 |
_a791.43028092 _aLEW _222 |
| 100 | 1 |
_aLewis, Roger, _eauthor. _923710 |
|
| 245 | 1 | 4 |
_aThe life and death of Peter Sellers / _cRoger Lewis. |
| 264 | 1 |
_aNew York : _bApplause Books, _c1997. |
|
| 300 |
_axxvii, 500 pages : _billustrations ; _c23 cm |
||
| 336 |
_2rdacontent _atext _btxt |
||
| 337 |
_2rdamedia _aunmediated _bn |
||
| 338 |
_2rdacarrier _avolume _bnc |
||
| 504 | _aIncludes bibliographical references and index. | ||
| 600 | 1 | 7 |
_aSellers, Peter, _d1925-1980. _2BUEsh _923711 |
| 650 | 7 |
_aActors _zGreat Britain _vBiography. _2BUEsh _923712 |
|
| 653 | _bART | ||
| 655 | _vReading book | ||
| 942 |
_cBB _2ddc |
||
| 999 |
_c9672 _d9672 |
||